Last 20 countries to win Eurovision - Statistics

General Stats
  • This quiz has been taken 537 times
  • The average score is 19 of 20
Answer Stats
Year Winning Country % Correct
1999 Sweden
98%
2012 Sweden
98%
2015 Sweden
98%
2000 Denmark
97%
2013 Denmark
97%
2009 Norway
97%
2004 Ukraine
97%
2016 Ukraine
97%
2010 Germany
96%
2018 Israel
96%
2017 Portugal
96%
2008 Russia
96%
2014 Austria
95%
2006 Finland
95%
2001 Estonia
94%
2005 Greece
93%
2002 Latvia
93%
2007 Serbia
92%
2011 Azerbaijan
91%
2003 Turkey
89%
No matching quizzes found
Score Distribution
Percent of People with Each Score
Percentile by Number Answered
Your Score History
You have not taken this quiz